Statistics for 20 World Capitals closest to a capital starting with A

Click here to take the quiz!

General Stats

  • This quiz has been taken 38 times
  • The average score is 12 of 20

Answer Stats

D (km) Capital City % Correct
430Paris
84%
173Brussels
84%
71Jerusalem
71%
218Beirut
71%
494Cairo
71%
319Luxembourg
71%
494Madrid
71%
175Damascus
68%
168Lome
61%
429Nicosia
61%
358London
61%
486Skopje
58%
498Monaco
58%
558Djibouti
58%
327Porto-Novo
55%
301Doha
52%
499Tirana
52%
524Sofia
45%
440Muscat
42%
427Manama
39%

Score Distribution

Percentile by Number Answered

Percent of People with Each Score

Your Score History

You have not taken this quiz